[Event "8MCR_4D_1L_2S"]
[Site "?"]
[Date "2008.??.??"]
[Round "?"]
[White "Struzka, Vlastimil"]
[Black "Kudr, Roman"]
[Result "1/2-1/2"]
[WhiteElo "2117"]
[BlackElo "2182"]
[PlyCount "60"]
[EventDate "2008.??.??"]
[EventType "corr"]

1. d4 Nf6 2. Nf3 d5 3. c4 c6 4. cxd5 cxd5 5. Nc3 Nc6 6. Bf4 Bf5 7. e3 e6 8. Qb3
Bb4 9. Bb5 O-O 10. Bxc6 Bxc3+ 11. Qxc3 Rc8 12. Ne5 bxc6 13. Bg5 c5 14. dxc5 Qc7
15. Bxf6 gxf6 16. Nd3 Bxd3 17. Qxd3 Qxc5 18. O-O Qb4 19. Qe2 Rc7 20. Rac1 Rfc8
21. Rxc7 Rxc7 22. a3 Qe4 23. Qa6 Kg7 24. b4 Qe5 25. Qa4 Qb2 26. h3 h6 27. Qa5
Rc3 28. Qxa7 Rxa3 29. Qb8 e5 30. Qd8 d4 1/2-1/2

[Event "8MCR_4D_1L_2S"]
[Site "?"]
[Date "2008.??.??"]
[Round "?"]
[White "Struzka, Vlastimil"]
[Black "Kuta, Miroslav"]
[Result "1/2-1/2"]
[WhiteElo "2117"]
[BlackElo "2286"]
[PlyCount "50"]
[EventDate "2008.??.??"]
[EventType "corr"]

1. d4 d5 2. c4 e6 3. Nc3 Nf6 4. Nf3 Be7 5. Bg5 O-O 6. e3 h6 7. Bh4 b6 8. Be2
Bb7 9. O-O Nbd7 10. Bg3 c5 11. cxd5 Nxd5 12. Nxd5 Bxd5 13. Rc1 Nf6 14. dxc5
Bxc5 15. Qa4 Qe7 16. Ne5 Ne4 17. Bf3 Nxg3 18. hxg3 Rad8 19. Rfd1 Qg5 20. Qf4
Qxf4 21. gxf4 Bxf3 22. gxf3 Rxd1+ 23. Rxd1 f6 24. Nc6 a5 25. Kh2 Rc8 1/2-1/2

[Event "8MCR_4D_1L_2S"]
[Site "?"]
[Date "2008.??.??"]
[Round "?"]
[White "Struzka, Vlastimil"]
[Black "Mikoska, Josef"]
[Result "1/2-1/2"]
[WhiteElo "2117"]
[BlackElo "2211"]
[PlyCount "82"]
[EventDate "2008.??.??"]
[EventType "corr"]

1. d4 Nf6 2. Nf3 d5 3. c4 e6 4. Nc3 Be7 5. Bg5 O-O 6. e3 h6 7. Bh4 b6 8. Bd3
dxc4 9. Bxc4 Bb7 10. O-O Nbd7 11. Qe2 Ne4 12. Nxe4 Bxh4 13. Qc2 Rc8 14. Rad1
Nf6 15. Bd3 Nd5 16. Bc4 Be7 17. Qe2 c5 18. Ba6 Bxa6 19. Qxa6 Qc7 20. Rc1 Rfd8
21. a3 Qb8 22. Rfe1 Rc7 23. Red1 Nf6 24. Nc3 Qc8 25. Qxc8 Rdxc8 26. dxc5 Rxc5
27. Ne2 g6 28. b4 Rxc1 29. Rxc1 Rxc1+ 30. Nxc1 Ne4 31. Nd4 a6 32. Nd3 Bd6 33.
f3 Nc3 34. f4 f5 35. Nxe6 Nd1 36. Nd4 Nxe3 37. Kf2 Nc4 38. a4 Kf7 39. b5 axb5
40. Nxb5 Bf8 41. h3 Ke6 1/2-1/2

[Event "8MCR_4D_1L_2S"]
[Site "?"]
[Date "2008.??.??"]
[Round "?"]
[White "Struzka, Vlastimil"]
[Black "Pecka, Josef"]
[Result "1-0"]
[WhiteElo "2117"]
[BlackElo "2292"]
[PlyCount "87"]
[EventDate "2008.??.??"]
[EventType "corr"]

1. d4 d5 2. c4 c6 3. cxd5 cxd5 4. Nf3 Nf6 5. Nc3 Nc6 6. Bf4 Bf5 7. e3 e6 8. Qb3
Bb4 9. Bb5 Bxc3+ 10. Qxc3 O-O 11. Bxc6 Rc8 12. Ne5 Nh5 13. Qb4 bxc6 14. Rc1 c5
15. dxc5 f6 16. Nf3 e5 17. Bg3 Bd3 18. Nd2 Rb8 19. Qa3 Bb5 20. f3 Re8 21. Kf2
f5 22. c6 Qc7 23. Rhd1 Nxg3 24. hxg3 Bxc6 25. Rc2 Re6 26. Nb3 f4 27. Nc5 Bb5
28. Rxd5 fxg3+ 29. Ke1 Reb6 30. Qc3 Qf7 31. Rcd2 Qh5 32. Kd1 Re8 33. Kc2 Rbb8
34. b3 Rbc8 35. e4 h6 36. Kb2 Bc6 37. Rd6 Kh7 38. Qa5 Re7 39. Ne6 Bb7 40. a4
Ba8 41. Ka2 Rce8 42. Nd4 Rf7 43. Nf5 Rc7 44. Qxc7 1-0

[Event "8MCR_4D_1L_2S"]
[Site "?"]
[Date "2008.??.??"]
[Round "?"]
[White "Struzka, Vlastimil"]
[Black "Stika, Vaclav"]
[Result "1-0"]
[WhiteElo "2117"]
[BlackElo "2113"]
[PlyCount "83"]
[EventDate "2008.??.??"]
[EventType "corr"]

1. d4 d5 2. Nf3 Nf6 3. c4 c6 4. cxd5 cxd5 5. Nc3 Nc6 6. Bf4 e6 7. e3 Be7 8. h3
O-O 9. Bd3 Bd7 10. a3 Nh5 11. Be5 Nxe5 12. Nxe5 Nf6 13. Qb3 Bc6 14. O-O Bd6 15.
f4 Qe7 16. Rac1 Rfc8 17. Nxc6 bxc6 18. Na4 c5 19. dxc5 Bxc5 20. Nxc5 Rxc5 21.
Qb4 Rc7 22. Qxe7 Rxe7 23. b4 e5 24. fxe5 Rxe5 25. Kf2 Re7 26. Rc3 Rae8 27. Rfc1
g6 28. Rc8 Rxc8 29. Rxc8+ Kg7 30. Rc5 Ne4+ 31. Bxe4 dxe4 32. Kg3 f5 33. Kf4 Rf7
34. b5 h5 35. a4 Kh6 36. h4 Rd7 37. a5 Rb7 38. g3 Rb8 39. Ke5 Rb7 40. Kd6 Rb8
41. Kc7 Re8 42. b6 1-0

[Event "8MCR_4D_1L_2S"]
[Site "?"]
[Date "2008.??.??"]
[Round "?"]
[White "Struzka, Vlastimil"]
[Black "Toman, Antonin"]
[Result "1-0"]
[WhiteElo "2117"]
[BlackElo "2225"]
[PlyCount "97"]
[EventDate "2008.??.??"]
[EventType "corr"]

1. d4 d5 2. Nf3 Nf6 3. Bf4 c5 4. e3 Nc6 5. c3 Qb6 6. b3 Bg4 7. Be2 e6 8. O-O
Be7 9. h3 Bxf3 10. Bxf3 O-O 11. Qd3 Rfd8 12. Nd2 cxd4 13. exd4 h6 14. Bg3 Bd6
15. Bxd6 Rxd6 16. Be2 e5 17. dxe5 Nxe5 18. Qd4 Qxd4 19. cxd4 Nc6 20. Nf3 Re8
21. Bd3 Ne4 22. Rae1 Nb4 23. Bb1 Ra6 24. a4 Rc6 25. Re2 g6 26. Rfe1 Rce6 27.
Re3 Kg7 28. Kf1 f5 29. g4 Nc6 30. Bd3 a6 31. Kg2 Rf8 32. gxf5 gxf5 33. Bf1 Rc8
34. R3e2 Ree8 35. Kh2 Nb4 36. Rd1 Kf6 37. Rb2 Rc7 38. Ne5 Rec8 39. Bd3 Rc1 40.
Rxc1 Rxc1 41. h4 Nc5 42. Be2 Ne6 43. Nd7+ Ke7 44. Ne5 Nxd4 45. Rd2 Ndc6 46. Nd3
Nxd3 47. Rxd3 Kd6 48. Kg2 a5 49. h5 {KONT} 1-0

[Event "8MCR_4D_1L_2S"]
[Site "?"]
[Date "2008.??.??"]
[Round "?"]
[White "Toman, Antonin"]
[Black "Hostinsky, Jiri"]
[Result "0-1"]
[WhiteElo "2225"]
[BlackElo "2377"]
[PlyCount "72"]
[EventDate "2008.??.??"]
[EventType "corr"]

1. e4 c5 2. b3 Nc6 3. Bb2 e6 4. Bb5 Nd4 5. Nc3 Nxb5 6. Nxb5 d6 7. e5 d5 8. Nf3
a6 9. Nc3 Ne7 10. O-O Nc6 11. d4 Bd7 12. Ne2 Rc8 13. a4 Qc7 14. Re1 Be7 15.
dxc5 Bxc5 16. Nf4 O-O 17. Qd2 a5 18. Nh5 Ne7 19. Bd4 h6 20. Bxc5 Qxc5 21. Nd4
Qc3 22. Qd1 Qb4 23. Re3 Rc3 24. Qg4 Ng6 25. Rxc3 Qxc3 26. Rd1 Rb8 27. h4 Qc7
28. f4 Qd8 29. g3 Qf8 30. Kg2 Rc8 31. Rd3 Kh8 32. Qf3 Ne7 33. Rc3 Nf5 34. Rxc8
Qxc8 35. Nxf5 exf5 36. Qxd5 Bc6 0-1

[Event "8MCR_4D_1L_2S"]
[Site "?"]
[Date "2008.??.??"]
[Round "?"]
[White "Toman, Antonin"]
[Black "Krouzel, Jaroslav"]
[Result "1/2-1/2"]
[WhiteElo "2225"]
[BlackElo "2270"]
[PlyCount "36"]
[EventDate "2008.??.??"]
[EventType "corr"]

1. e4 e6 2. d4 d5 3. e5 c5 4. Nf3 Nc6 5. Bd3 cxd4 6. O-O Nge7 7. Bf4 Ng6 8. Bg3
Be7 9. Nbd2 O-O 10. Nb3 Bd7 11. Nbxd4 Nxd4 12. Nxd4 Qb6 13. Nb3 Bb5 14. Bxb5
Qxb5 15. c3 a5 16. a4 Qb6 17. Nd4 Rac8 18. Qd2 Bc5 1/2-1/2

[Event "8MCR_4D_1L_2S"]
[Site "?"]
[Date "2008.??.??"]
[Round "?"]
[White "Toman, Antonin"]
[Black "Kudr, Roman"]
[Result "1/2-1/2"]
[WhiteElo "2225"]
[BlackElo "2182"]
[PlyCount "54"]
[EventDate "2008.??.??"]
[EventType "corr"]

1. e4 e5 2. Nf3 Nf6 3. Nxe5 d6 4. Nf3 Nxe4 5. d4 d5 6. Bd3 Be7 7. O-O Nc6 8. c4
Nb4 9. Be2 O-O 10. a3 Nc6 11. Nc3 Nf6 12. h3 Be6 13. Ng5 Bf5 14. Re1 Qd7 15.
Nxd5 Nxd5 16. cxd5 Qxd5 17. Bf3 Qd6 18. d5 Ne5 19. Bf4 Nxf3+ 20. Qxf3 Qd7 21.
Qb3 Bc5 22. Nf3 Rae8 23. Qxb7 Bxh3 24. Rxe8 Rxe8 25. Re1 Rxe1+ 26. Nxe1 Bf5 27.
Bxc7 h5 1/2-1/2

[Event "8MCR_4D_1L_2S"]
[Site "?"]
[Date "2008.??.??"]
[Round "?"]
[White "Toman, Antonin"]
[Black "Leiner, Raimund"]
[Result "1/2-1/2"]
[WhiteElo "2225"]
[BlackElo "2335"]
[PlyCount "69"]
[EventDate "2008.??.??"]
[EventType "corr"]

1. e4 c5 2. b3 Nc6 3. Bb2 e5 4. Bc4 Nf6 5. Nc3 d6 6. Nge2 g6 7. O-O Bg7 8. d3
O-O 9. Bc1 Be6 10. Bg5 h6 11. Be3 Nd4 12. Bxe6 fxe6 13. Ng3 a6 14. f3 b5 15.
Nce2 b4 16. Qd2 Kh7 17. a3 a5 18. Ra2 Nb5 19. axb4 axb4 20. Rfa1 Rxa2 21. Rxa2
Qb8 22. Qe1 g5 23. Bd2 Rf7 24. Qa1 Ra7 25. Nf1 Rxa2 26. Qxa2 g4 27. fxg4 Nxg4
28. h3 Nf6 29. Qa6 Ne8 30. Ne3 Nec7 31. Qc6 Qa8 32. Qxa8 Nxa8 33. g4 Bf6 34.
Kf2 Bh4+ 35. Kf3 1/2-1/2

[Event "8MCR_4D_1L_2S"]
[Site "?"]
[Date "2008.??.??"]
[Round "?"]
[White "Toman, Antonin"]
[Black "Mikoska, Josef"]
[Result "0-1"]
[WhiteElo "2225"]
[BlackElo "2211"]
[PlyCount "68"]
[EventDate "2008.??.??"]
[EventType "corr"]

1. e4 e5 2. Bc4 Nf6 3. d4 exd4 4. Nf3 Nc6 5. e5 Ng4 6. Bf4 d6 7. exd6 Bxd6 8.
Qe2+ Kf8 9. Bxd6+ Qxd6 10. h3 Bd7 11. O-O Re8 12. Qd1 h5 13. Bb3 Nce5 14. Nxd4
c5 15. f4 Nc4 16. Nf3 Nge3 17. Qxd6+ Nxd6 18. Ne5 Nxf1 19. Nxd7+ Kg8 20. Kxf1
c4 21. Nc3 cxb3 22. axb3 a6 23. Rd1 Ne4 24. Nd5 Rh6 25. Ne5 h4 26. Rd3 Rd6 27.
Nc4 Rc6 28. Nce3 g6 29. Ke2 f5 30. Kf3 Kf8 31. b4 Rec8 32. c4 Rd8 33. Rd4 Kf7
34. b3 Nf6 0-1

[Event "8MCR_4D_1L_2S"]
[Site "?"]
[Date "2008.??.??"]
[Round "?"]
[White "Toman, Antonin"]
[Black "Paulik, Vaclav"]
[Result "0-1"]
[WhiteElo "2225"]
[BlackElo "2160"]
[PlyCount "94"]
[EventDate "2008.??.??"]
[EventType "corr"]

1. e4 e5 2. Bc4 Nf6 3. d4 exd4 4. Nf3 Nc6 5. e5 d5 6. Bb5 Ne4 7. Nxd4 Bc5 8.
Be3 Bd7 9. Bxc6 bxc6 10. Nd2 Qh4 11. O-O Bb6 12. N2b3 Qe7 13. a4 a6 14. a5 Ba7
15. Re1 O-O 16. Nf3 Bxe3 17. Rxe3 Be6 18. Ne1 Rab8 19. f3 Nc5 20. Nd4 Bd7 21.
b3 f6 22. Nd3 Rbe8 23. e6 Nxe6 24. Qe1 Qf7 25. Nxe6 Bxe6 26. Qc3 Qd7 27. Qc5
Qd6 28. Qxd6 cxd6 29. Nb4 d4 30. Re2 Bd7 31. Rxe8 Rxe8 32. Nxa6 Ra8 33. Nb4 c5
34. Nd5 Ra7 35. Kf2 Bc6 36. Nb6 Bb5 37. Nc4 Ra6 38. Ke1 Kf7 39. Nb6 Ke6 40. Kd2
d5 41. g3 Kd6 42. f4 c4 43. b4 c3+ 44. Ke1 Kc6 45. Kf2 Ra7 46. Re1 Bc4 47. Re8
Rb7 {PCL} 0-1

[Event "8MCR_4D_1L_2S"]
[Site "?"]
[Date "2008.??.??"]
[Round "?"]
[White "Toman, Antonin"]
[Black "Stika, Vaclav"]
[Result "1-0"]
[WhiteElo "2225"]
[BlackElo "2113"]
[PlyCount "100"]
[EventDate "2008.??.??"]
[EventType "corr"]

1. e4 e5 2. Nc3 Nf6 3. f4 d5 4. fxe5 Nxe4 5. Nf3 Bg4 6. Qe2 Nxc3 7. dxc3 Nc6 8.
Bf4 Qe7 9. O-O-O O-O-O 10. h3 Bxf3 11. gxf3 g5 12. Bh2 Bh6 13. Kb1 Kb8 14. Bg2
Rhe8 15. Rhe1 Qe6 16. h4 f6 17. hxg5 fxg5 18. Rd3 Qf5 19. Qf1 Bg7 20. f4 gxf4
21. Bxf4 Rf8 22. Rf3 Qe6 23. Bh3 Qe7 24. e6 h6 25. Qg2 d4 26. c4 a6 27. a3 Rf6
28. Rb3 Na5 29. Rg3 Bh8 30. Rg8 Nc6 31. Rxd8+ Qxd8 32. Qd5 Qe7 33. Re4 Rf8 34.
Qd7 Rc8 35. Re1 Bf6 36. Bg2 Qc5 37. Qf7 Qe7 38. Bxc6 bxc6 39. Bxh6 Re8 40. Rf1
Be5 41. Qxe8+ Qxe8 42. Rf8 Qxf8 43. Bxf8 Kc8 44. Be7 Bf4 45. c5 Be5 46. Kc1 Bg7
47. b4 Bh6+ 48. Kd1 Bg7 49. Bg5 Be5 50. Kd2 d3 1-0

[Event "8MCR_4D_1L_3S"]
[Site "?"]
[Date "2008.??.??"]
[Round "?"]
[White "Canibal, Jaromir"]
[Black "Cerveny, Libor"]
[Result "1-0"]
[WhiteElo "2236"]
[BlackElo "2043"]
[PlyCount "93"]
[EventDate "2008.??.??"]
[EventType "corr"]

1. e4 e6 2. d4 d5 3. Nd2 Nc6 4. Ngf3 Nf6 5. e5 Nd7 6. Be2 Be7 7. O-O f6 8. exf6
Bxf6 9. Re1 O-O 10. c3 e5 11. Qb3 Nb6 12. dxe5 Nxe5 13. Nxe5 Bxe5 14. Nf3 Bd6
15. a4 c6 16. Be3 Kh8 17. Nd4 Qc7 18. a5 Nc4 19. Bxc4 dxc4 20. Qxc4 Bxh2+ 21.
Kh1 Bf4 22. a6 Bxe3 23. Rxe3 Qf4 24. Qe2 bxa6 25. Rf3 Qh4+ 26. Kg1 Bg4 27.
Rxf8+ Rxf8 28. Qe3 c5 29. Nc6 Qh5 30. Ne5 Be6 31. Qxc5 Rf6 32. f3 Bg8 33. Qd4
Qg5 34. Re1 Rh6 35. c4 Rh4 36. Qe3 Qd8 37. c5 a5 38. c6 Rh6 39. f4 Rf6 40. Qc5
Qd2 41. Nf3 Qb4 42. Qxb4 axb4 43. c7 Rc6 44. Re7 a5 45. Ne5 Rc1+ 46. Kf2 g5 47.
Nf7+ 1-0

[Event "8MCR_4D_1L_3S"]
[Site "?"]
[Date "2008.??.??"]
[Round "?"]
[White "Canibal, Jaromir"]
[Black "Ertl, Lubos"]
[Result "1-0"]
[WhiteElo "2236"]
[BlackElo "1889"]
[PlyCount "119"]
[EventDate "2008.??.??"]
[EventType "corr"]

1. e4 e5 2. Nf3 Nc6 3. Bb5 a6 4. Ba4 Nf6 5. O-O Be7 6. Re1 b5 7. Bb3 d6 8. c3
O-O 9. h3 Na5 10. Bc2 c5 11. d4 Qc7 12. d5 Nc4 13. b3 Nb6 14. a4 bxa4 15. bxa4
Nc4 16. Nfd2 Na5 17. Na3 Rb8 18. Ndc4 Nxc4 19. Nxc4 a5 20. Na3 Bd7 21. Bd3 Rfc8
22. Bd2 g6 23. Qc2 Rb6 24. Bb5 Rcb8 25. c4 R6b7 26. Bxd7 Qxd7 27. Nb5 Qd8 28.
Ra3 Ne8 29. Qc3 Ra8 30. Qg3 Ng7 31. Qd3 Ra6 32. f4 Bf6 33. Qf3 Nh5 34. g3 Rd7
35. Rb3 Ra8 36. f5 Bg5 37. Bc3 Rb8 38. Rf1 Bh6 39. f6 Bg5 40. Qg4 Bxf6 41. Bxa5
Qe7 42. Bd2 Ra8 43. a5 Qe8 44. Ra3 Ra6 45. Kg2 Bd8 46. Qf3 Rb7 47. g4 Nf6 48.
Qe2 Qd7 49. Raf3 Ne8 50. Qf2 Ra8 51. Qg3 Qc8 52. Qe1 Rd7 53. Qf2 Qb7 54. h4
Bxa5 55. Bxa5 Rxa5 56. h5 Qa6 57. Rxf7 Ra2 58. Rxd7 Rxf2+ 59. Rxf2 Qc8 60. Rff7
1-0

[Event "8MCR_4D_1L_3S"]
[Site "?"]
[Date "2008.??.??"]
[Round "?"]
[White "Canibal, Jaromir"]
[Black "Hala, Martin"]
[Result "1-0"]
[WhiteElo "2236"]
[BlackElo "2312"]
[PlyCount "29"]
[EventDate "2008.??.??"]
[EventType "corr"]

1. e4 e5 2. Nf3 Nc6 3. Bb5 f5 4. Nc3 fxe4 5. Nxe4 Nf6 6. Nxf6+ Qxf6 7. Qe2 Be7
8. Bxc6 dxc6 9. Nxe5 Bf5 10. O-O O-O-O 11. d3 Rhe8 12. Bd2 Bd6 13. f4 g5 14.
Qf2 g4 15. Qxa7 1-0

[Event "8MCR_4D_1L_3S"]
[Site "?"]
[Date "2008.??.??"]
[Round "?"]
[White "Canibal, Jaromir"]
[Black "Hladecek, Miloslav"]
[Result "1/2-1/2"]
[WhiteElo "2236"]
[BlackElo "2342"]
[PlyCount "56"]
[EventDate "2008.??.??"]
[EventType "corr"]

1. e4 e5 2. Nf3 Nc6 3. Bb5 a6 4. Ba4 Nf6 5. O-O Be7 6. Re1 d6 7. c3 O-O 8. h3
b5 9. Bc2 Bb7 10. d4 exd4 11. cxd4 Nb4 12. Bb3 a5 13. a3 a4 14. axb4 axb3 15.
Rxa8 Qxa8 16. d5 c6 17. dxc6 Bxc6 18. Nd4 Re8 19. Nc3 Bf8 20. f3 d5 21. e5 Nd7
22. e6 fxe6 23. Rxe6 Rxe6 24. Nxe6 Bxb4 25. Qxb3 Bd6 26. Nxb5 Bxb5 27. Qxb5
Qa7+ 28. Kf1 Bg3 1/2-1/2

[Event "8MCR_4D_1L_3S"]
[Site "?"]
[Date "2008.??.??"]
[Round "?"]
[White "Canibal, Jaromir"]
[Black "Houdek, Vladimir"]
[Result "1-0"]
[WhiteElo "2236"]
[BlackElo "2139"]
[PlyCount "59"]
[EventDate "2008.??.??"]
[EventType "corr"]

1. e4 e5 2. Nf3 Nc6 3. Bb5 a6 4. Ba4 Nf6 5. O-O Be7 6. Re1 b5 7. Bb3 d6 8. c3
O-O 9. h3 Na5 10. Bc2 c5 11. d4 Nd7 12. d5 Nb6 13. Nbd2 f5 14. exf5 Bxf5 15.
Bxf5 Rxf5 16. Ne4 Qd7 17. b3 Raf8 18. Nfg5 Bxg5 19. Bxg5 Nb7 20. Rc1 a5 21. c4
b4 22. a3 bxa3 23. Ra1 a4 24. Bd2 axb3 25. Qxb3 Nc8 26. Rxa3 R5f7 27. Rea1 Qf5
28. Qc2 h6 29. Rb1 Qg6 30. Rg3 1-0

[Event "8MCR_4D_1L_3S"]
[Site "?"]
[Date "2008.??.??"]
[Round "?"]
[White "Canibal, Jaromir"]
[Black "Kasik, Miroslav"]
[Result "1-0"]
[WhiteElo "2236"]
[BlackElo "2135"]
[PlyCount "79"]
[EventDate "2008.??.??"]
[EventType "corr"]

1. e4 c5 2. c3 d5 3. exd5 Qxd5 4. d4 Nc6 5. dxc5 Qxd1+ 6. Kxd1 e5 7. b4 a5 8.
b5 Nd8 9. Nd2 Bxc5 10. Ngf3 f6 11. Ne4 Be7 12. Kc2 Bf5 13. Bd3 Be6 14. Re1 Rc8
15. Kb2 Bd7 16. Be2 a4 17. Be3 Nf7 18. c4 Ngh6 19. Bb6 Be6 20. Rac1 a3+ 21. Kb3
Nf5 22. Bd3 g6 23. g4 Ng7 24. Rg1 h6 25. Nh4 f5 26. gxf5 gxf5 27. Nc5 Bxc5 28.
Bxc5 Rxc5 29. Rxg7 e4 30. Kb4 Rc8 31. Be2 Kf8 32. Rg3 Rg8 33. Ng6+ Ke8 34. Rcg1
Nd8 35. f3 exf3 36. Rxf3 Rg7 37. Rxa3 Kf7 38. Rag3 Kf6 39. Nf4 Rd7 40. Rg6+ 1-0

[Event "8MCR_4D_1L_3S"]
[Site "?"]
[Date "2008.??.??"]
[Round "?"]
[White "Canibal, Jaromir"]
[Black "Sykora, Josef"]
[Result "1/2-1/2"]
[WhiteElo "2236"]
[BlackElo "2352"]
[PlyCount "78"]
[EventDate "2008.??.??"]
[EventType "corr"]

1. e4 c5 2. c3 Nf6 3. e5 Nd5 4. d4 cxd4 5. Nf3 Nc6 6. cxd4 d6 7. Bc4 Nb6 8. Bb5
Bd7 9. Nc3 dxe5 10. dxe5 g6 11. O-O Bg7 12. Qe2 O-O 13. h3 a6 14. Bd3 Be6 15.
Bf4 Qc7 16. Rfd1 Rad8 17. Be4 Rxd1+ 18. Rxd1 Rd8 19. Rxd8+ Nxd8 20. Qd2 Nc4 21.
Qd4 Qb6 22. Qxb6 Nxb6 23. b3 Nd7 24. Bg3 Nc5 25. Nd4 Nxe4 26. Nxe4 Bd5 27. Nc3
Bc6 28. f4 f6 29. Nxc6 Nxc6 30. exf6 Bxf6 31. Nd5 Kf7 32. Be1 Bd4+ 33. Kf1 Ke6
34. Nb4 Nxb4 35. Bxb4 Kf5 36. Bxe7 Kxf4 37. Ke2 Kg3 38. Kf1 Be5 39. Bc5 Kf4
1/2-1/2

[Event "8MCR_4D_1L_3S"]
[Site "?"]
[Date "2008.??.??"]
[Round "?"]
[White "Cerveny, Libor"]
[Black "Gubas, Jan"]
[Result "0-1"]
[WhiteElo "2043"]
[BlackElo "2317"]
[PlyCount "128"]
[EventDate "2008.??.??"]
[EventType "corr"]

1. e4 e5 2. Nf3 Nc6 3. Bc4 Bc5 4. d3 Nf6 5. Nc3 h6 6. O-O O-O 7. a3 d6 8. Na4
Bb6 9. Nxb6 axb6 10. c3 Be6 11. Bxe6 fxe6 12. Be3 Qe8 13. b4 b5 14. a4 bxa4 15.
Rxa4 Rxa4 16. Qxa4 Nd4 17. Qxe8 Ne2+ 18. Kh1 Rxe8 19. c4 Ra8 20. h3 Ra3 21. Re1
Nc3 22. b5 Na4 23. d4 exd4 24. Nxd4 Kf7 25. e5 dxe5 26. Nf3 Nd7 27. Kg1 Ra2 28.
Rc1 b6 29. Rd1 Ke7 30. Kf1 Nb2 31. Rc1 Nd3 32. Rd1 N3c5 33. Bxc5+ bxc5 34. Re1
Rc2 35. Re4 Kd6 36. Re3 g5 37. Re4 Rc1+ 38. Ke2 Nf6 39. Re3 Rxc4 40. Nxe5 Rc2+
41. Ke1 c4 42. Nf7+ Kd5 43. Re2 Rc1+ 44. Kd2 Rg1 45. f3 Kd4 46. Nd8 c3+ 47. Kc2
Nd5 48. Nxe6+ Kc4 49. Re4+ Kxb5 50. Nd4+ Kc5 51. Ne6+ Kb6 52. Re2 c5 53. Ng7
Kb5 54. Ne6 Kb4 55. Re4+ c4 56. Re2 Rf1 57. Re5 Rf2+ 58. Kc1 c2 59. Kb2 Nc3 60.
Nd4 Na4+ 61. Kc1 Nc5 62. Nxc2+ Kc3 63. Kb1 Nd3 64. Re4 Rf1+ 0-1

[Event "8MCR_4D_1L_3S"]
[Site "?"]
[Date "2008.??.??"]
[Round "?"]
[White "Cerveny, Libor"]
[Black "Houdek, Vladimir"]
[Result "1/2-1/2"]
[WhiteElo "2043"]
[BlackElo "2139"]
[PlyCount "42"]
[EventDate "2008.??.??"]
[EventType "corr"]

1. e4 e5 2. Nf3 Nc6 3. Bc4 Bc5 4. d3 Nf6 5. Nc3 O-O 6. Bg5 Be7 7. O-O d6 8. h3
Na5 9. Bb3 c6 10. d4 Qc7 11. Qd3 Re8 12. Rfd1 a6 13. Be3 Bf8 14. dxe5 dxe5 15.
Na4 Nxb3 16. Bb6 Qe7 17. axb3 Nd7 18. Qe3 Nxb6 19. Nxb6 Rb8 20. Rd3 f6 21. Nxc8
Rbxc8 1/2-1/2

[Event "8MCR_4D_1L_3S"]
[Site "?"]
[Date "2008.??.??"]
[Round "?"]
[White "Cerveny, Libor"]
[Black "Hrdy, Roman"]
[Result "0-1"]
[WhiteElo "2043"]
[BlackElo "2259"]
[PlyCount "106"]
[EventDate "2008.??.??"]
[EventType "corr"]

1. e4 c5 2. Nf3 d6 3. d4 cxd4 4. Nxd4 Nf6 5. Nc3 a6 6. Be2 e5 7. Nb3 Be7 8. O-O
O-O 9. Be3 Be6 10. Qd2 Nbd7 11. a4 Qc7 12. a5 Rac8 13. Rfd1 Rfd8 14. Qe1 Qc6
15. Bf3 h6 16. Nc1 Nc5 17. N1a2 Ncd7 18. Nb4 Qc4 19. Ra4 Qc7 20. Be2 Bf8 21. f3
d5 22. Nbxd5 Bxd5 23. exd5 b5 24. Rh4 Bc5 25. Bxc5 Qxc5+ 26. Kh1 Nf8 27. Bd3
Nxd5 28. Nxd5 Rxd5 29. Qg3 Ne6 30. Re1 Nf4 31. Rg4 g6 32. Be4 Rd6 33. Bd3 Kg7
34. h3 b4 35. b3 Qxa5 36. Rxf4 exf4 37. Qxf4 Rf6 38. Qg4 Rcc6 39. f4 Rce6 40.
Rf1 Qc5 41. f5 Re3 42. Rd1 Rd6 43. Rf1 Rd4 44. Qd1 Qd5 45. Kg1 gxf5 46. Qa1 Rg3
47. Rf2 f4 48. Bxa6 Rc3 49. Bd3 Qc5 50. Qb2 Rd7 51. h4 f6 52. Qa2 h5 53. Qb2
Qe3 0-1

[Event "8MCR_4D_1L_3S"]
[Site "?"]
[Date "2008.??.??"]
[Round "?"]
[White "Cerveny, Libor"]
[Black "Motejzik, Jaroslav"]
[Result "1-0"]
[WhiteElo "2043"]
[BlackElo "2068"]
[PlyCount "75"]
[EventDate "2008.??.??"]
[EventType "corr"]

1. e4 e6 2. d4 d5 3. Nd2 Nf6 4. e5 Nfd7 5. Bd3 c5 6. c3 Nc6 7. Ne2 cxd4 8. cxd4
f6 9. exf6 Nxf6 10. Nf3 Bd6 11. O-O Qc7 12. Nc3 a6 13. Bg5 O-O 14. Bh4 Nh5 15.
Rc1 g6 16. Re1 Qg7 17. Bc2 h6 18. Ba4 g5 19. Bg3 Nxg3 20. Bxc6 bxc6 21. hxg3 g4
22. Ne5 c5 23. Na4 cxd4 24. Qxd4 Rb8 25. Nc5 h5 26. b3 Rf5 27. Ncd3 Bb7 28. Qb6
Qe7 29. Re2 Qd8 30. Qa7 Qe8 31. Rce1 Bc8 32. Qd4 Qf8 33. Rc2 Kh7 34. Rc6 Qe7
35. Nf4 Bxe5 36. Rxe5 Qg7 37. Nd3 Kg8 38. Qe3 1-0

[Event "8MCR_4D_1L_3S"]
[Site "?"]
[Date "2008.??.??"]
[Round "?"]
[White "Cerveny, Libor"]
[Black "Peroutik, Jiri"]
[Result "1-0"]
[WhiteElo "2043"]
[BlackElo "1845"]
[PlyCount "71"]
[EventDate "2008.??.??"]
[EventType "corr"]

1. e4 e6 2. d4 d5 3. Nd2 Nf6 4. e5 Nfd7 5. Bd3 c5 6. c3 Nc6 7. Ne2 cxd4 8. cxd4
f6 9. exf6 Nxf6 10. Nf3 Bd6 11. O-O O-O 12. Bg5 Bd7 13. Qb3 Qe8 14. Bf4 Bxf4
15. Nxf4 Qe7 16. Rfe1 Ng4 17. Ne2 Qd6 18. h3 Rxf3 19. hxg4 Rf7 20. Rad1 Raf8
21. f3 Qe7 22. Qxb7 Rb8 23. Qc7 Rxb2 24. Qh2 g6 25. a4 Nb4 26. Qb8+ Kg7 27. Bb5
Bxb5 28. axb5 Qf6 29. Qg3 Na2 30. g5 Qf5 31. Ra1 Nb4 32. Nc1 Rb7 33. Re5 Qc2
34. Rxe6 Qd1+ 35. Kh2 Qxd4 36. Ra4 1-0

[Event "8MCR_4D_1L_3S"]
[Site "?"]
[Date "2008.??.??"]
[Round "?"]
[White "Cerveny, Libor"]
[Black "Portych, Vaclav"]
[Result "1/2-1/2"]
[WhiteElo "2043"]
[BlackElo "2187"]
[PlyCount "99"]
[EventDate "2008.??.??"]
[EventType "corr"]

1. e4 c5 2. Nf3 Nc6 3. d4 cxd4 4. Nxd4 Nf6 5. Nc3 e5 6. Ndb5 d6 7. Bg5 a6 8.
Na3 b5 9. Nd5 Be7 10. Bxf6 Bxf6 11. c3 O-O 12. Nc2 Bg5 13. a4 bxa4 14. Rxa4 a5
15. Bc4 Rb8 16. b3 Kh8 17. Nce3 g6 18. O-O Bd7 19. Ra2 Ne7 20. Nxe7 Bxe7 21.
Qd3 a4 22. bxa4 Qa5 23. Nd5 Bg5 24. Nb4 Be7 25. Rd1 Kg7 26. h3 Rfc8 27. Ra3 Rc5
28. Ba2 f5 29. exf5 Bxf5 30. Qf3 Rf8 31. Qb7 Rc7 32. Rd5 Rxb7 33. Rxa5 Bg5 34.
Bd5 Rc7 35. c4 Bd7 36. Ra6 Rb8 37. Nd3 Bc8 38. Rc6 Ra7 39. c5 dxc5 40. Nxc5 Bd7
41. Nxd7 Rb1+ 42. Kh2 Rxd7 43. Bc4 Rb2 44. Kg3 Rd4 45. a5 h5 46. Ra1 h4+ 47.
Kh2 Rxf2 48. a6 Rdd2 49. Rg1 Rf3 50. Kh1 1/2-1/2

[Event "8MCR_4D_1L_3S"]
[Site "?"]
[Date "2008.??.??"]
[Round "?"]
[White "Cerveny, Libor"]
[Black "Splichal, Josef"]
[Result "1/2-1/2"]
[WhiteElo "2043"]
[BlackElo "2140"]
[PlyCount "115"]
[EventDate "2008.??.??"]
[EventType "corr"]

1. e4 e5 2. Nf3 Nc6 3. Bc4 Bc5 4. d3 Nf6 5. Nc3 d6 6. Bg5 Bb4 7. O-O Bxc3 8.
bxc3 h6 9. Bh4 Qe7 10. Nd2 g5 11. Bg3 Na5 12. Bb3 h5 13. f3 h4 14. Bf2 Nh5 15.
Be3 Nf4 16. Nc4 Nxc4 17. Bxc4 Be6 18. Bxe6 Qxe6 19. Qb1 b6 20. Qb5+ Qd7 21. Qc4
c5 22. Rad1 Rg8 23. Qb3 Qe6 24. Qa4+ Kf8 25. Rf2 h3 26. g3 Qe8 27. Qa3 Qe7 28.
Rb1 Ng2 29. Bd2 Kg7 30. Qa4 f6 31. Rff1 Rgf8 32. Qa6 Kg6 33. a4 Qd7 34. a5 Rfb8
35. Qc4 bxa5 36. Qd5 a4 37. Ra1 a5 38. Rfb1 a3 39. Rb3 a4 40. Rbxa3 Ra6 41. Qc4
Rba8 42. Rb1 Qf7 43. Qb5 Ra5 44. Qc6 R5a6 45. Rb6 Rxb6 46. Qxb6 Qd7 47. c4 Kf7
48. Kf2 Ke7 49. c3 Qc8 50. Qb2 Qc7 51. d4 Kf7 52. d5 Ra5 53. Qc2 Qa7 54. Bc1
Ra6 55. Qa2 Kg8 56. Qa1 Kg7 57. Ra2 Kg6 58. Qb1 1/2-1/2